| 000 | 00733cab a2200205 4500 | ||
|---|---|---|---|
| 001 | ABS40619 | ||
| 008 | 090401t1989 xxu||||| |||| 00| 0 eng d | ||
| 035 | _a(Sirsi) u25059 | ||
| 041 | _aeng | ||
| 100 | _aBate, R. | ||
| 245 | _aDepartment making little progress over land supply figures | ||
| 260 | _c1989 | ||
| 350 | _a0 | ||
| 490 |
_aPlanning (for the Natural and Built Environment) _v(814) 14 April 1989, 12-13(2) |
||
| 520 | _aReview of the second housebuilding land progress report from the DoE claiming that it focuses on issues out of the main stream of debate and inadequately assesses the implementation of Government policy. Map. | ||
| 690 | _aLAND | ||
| 700 | _aBurton, T. | ||
| 942 | _n0 | ||
| 948 | _c04/03/1997 | ||
| 999 |
_c16808 _d16808 |
||